|
|
|
|
| LEADER |
00000nas a2200000 a 4500 |
| 001 |
ssj0001537397 |
| 003 |
WaSeSS |
| 005 |
20200512172242.0 |
| 006 |
m d |
| 007 |
cr n |
| 008 |
090818c20079999xv uu p s | 0slv |
| 010 |
|
|
|a 2009215460
|
| 022 |
|
|
|y 1854-9632
|
| 035 |
|
|
|a (WaSeSS)ssj0001537397
|
| 040 |
|
|
|a DLC
|b eng
|c DLC
|d DLC
|d OCLCQ
|d OCLCF
|d OCLCO
|d CUS
|d AU@
|d OCLCO
|d CUS
|d OCLCA
|d CUS
|d WaSeSS
|
| 042 |
|
|
|a pcc
|
| 043 |
|
|
|a e-xv---
|
| 050 |
0 |
0 |
|a NX6
|b .A77
|
| 245 |
0 |
0 |
|a Ars & humanitas
|h [electronic resource].
|
| 246 |
1 |
3 |
|a Ars et humanitas
|
| 246 |
1 |
3 |
|a AH
|
| 260 |
|
|
|a Ljubljana :
|b Filozofska fakulteta Univerze v Ljubljani
|
| 310 |
|
|
|a Two no. a year
|
| 362 |
1 |
|
|a Began with 1, 1 (2007).
|
| 500 |
|
|
|a "Revija za umetnost in humanistika."
|
| 506 |
|
|
|a License restrictions may limit access.
|
| 588 |
|
|
|a Description based on: 1, 1 (2007); title from title page.
|
| 588 |
|
|
|a Latest issue consulted: 2, 2 (2008).
|
| 650 |
|
0 |
|a Arts
|v Periodicals.
|
| 650 |
|
0 |
|a Arts
|z Slovenia
|v Periodicals.
|
| 650 |
|
0 |
|a Humanities
|v Periodicals.
|
| 650 |
|
0 |
|a Humanities
|z Slovenia
|v Periodicals.
|
| 650 |
|
7 |
|a Arts.
|2 fast
|0 (OCoLC)fst00817721
|
| 650 |
|
7 |
|a Humanities.
|2 fast
|0 (OCoLC)fst00963588
|
| 650 |
|
7 |
|a Arts
|v Periodicals.
|
| 650 |
|
7 |
|a Arts
|z Slovenia
|v Periodicals.
|
| 650 |
|
7 |
|a Humanities
|v Periodicals.
|
| 650 |
|
7 |
|a Humanities
|z Slovenia
|v Periodicals.
|
| 651 |
|
7 |
|a Slovenia.
|2 fast
|0 (OCoLC)fst01212712
|
| 655 |
|
0 |
|a Electronic journals.
|
| 710 |
2 |
|
|a Univerza v Ljubljani.
|b Filozofska fakulteta.
|
| 850 |
|
|
|a DLC
|
| 856 |
4 |
0 |
|z Full text available from Research Library: 01/01/2007 to present
|u https://search.proquest.com/publication/2042923
|